| 000 | 00467nam a22001577a 4500 | ||
|---|---|---|---|
| 005 | 20250322141102.0 | ||
| 008 | 250322b |||||||| |||| 00| 0 eng d | ||
| 020 | _a9780300030792 | ||
| 050 |
_aHD82 _b.Q565 OLS |
||
| 100 | _aOlson, Mancur | ||
| 245 |
_aThe Rise and decline of nations; _beconomic growth, stagflation and social rigidities |
||
| 260 |
_aNew Haven _bYale University Press _cc1982 |
||
| 300 | _axi, 273p | ||
| 500 | _aincludes index | ||
| 942 |
_2lcc _cBK _n0 |
||
| 999 |
_c5094 _d5094 |
||